000 00437nam a22001697a 4500
003 UA-OsUOA
001 5354
007 ta
008 20050721b un ||||| |||| 00| 0 ukr d
100 _aОстап'юк
700 _aО. П.
942 _cBK
040 _aUA-OsUOA
_cUA-OsUOA
_dUA-OsUOA
245 _aСтилістичні зас. увиразнен. в худож. перек. поет..
_bSA Paper
955 _a2
650 7 _2UDC
999 _c291516
_d291516